Basic welding principles (Record no. 92114)

MARC details
000 -LEADER
fixed length control field 00402nam a2200145Ia 4500
005 - DATE AND TIME OF LATEST TRANSACTION
control field 20240821155007.0
008 - FIXED-LENGTH DATA ELEMENTS--GENERAL INFORMATION
fixed length control field 240821s9999||||xx |||||||||||||| ||und||
082 ## - DEWEY DECIMAL CLASSIFICATION NUMBER
Classification number 671.5201 STE
100 ## - MAIN ENTRY--PERSONAL NAME
Personal name Steiri, Emanuele
245 #0 - TITLE STATEMENT
Title Basic welding principles
260 ## - PUBLICATION, DISTRIBUTION, ETC.
Place of publication, distribution, etc. New Jersey
Name of publisher, distributor, etc. Prentice-Hall Inc.
Date of publication, distribution, etc. 1953
300 ## - PHYSICAL DESCRIPTION
Extent 220p.
650 ## - SUBJECT ADDED ENTRY--TOPICAL TERM
Topical term or geographic name entry element MANUFACTURES:BASED ON METAL WOOD, FIBRES ELASTOMERS
942 ## - ADDED ENTRY ELEMENTS (KOHA)
Koha item type Book
Holdings
Withdrawn status Lost status Damaged status Not for loan Home library Current library Date acquired Total checkouts Barcode Date last seen Price effective from Koha item type
        Library and Documentation Division NCERT Library and Documentation Division NCERT 08/21/2024   76867 08/21/2024 08/21/2024 Book